Oceňovanie krátkodobého finančného majetku

Podľa zákona č. 431/2002 Z. z. o účtovníctve v z. n. p. majetkom sú tie aktíva účtovnej jednotky, ktoré sú výsledkom minulých udalostí, je takmer isté, že v budúcnosti zvýšia ekonomické úžitky účtovnej jednotky a dajú sa spoľahlivo oceniť podľa § 24 až § 28 zákona o účtovníctve a vykazujú sa v účto...

Descripción completa

Guardado en:
Detalles Bibliográficos
Autor principal: Adamíková, Monika
Formato: Capítulo de libro
Lenguaje:eslovaco
Materias:
Etiquetas: Agregar Etiqueta
Sin Etiquetas, Sea el primero en etiquetar este registro!

MARC

LEADER 00000naa a2200000 4500
001 0226623
005 20221104110833.0
041 0 |a slo 
044 |a SK 
245 1 0 |a Oceňovanie krátkodobého finančného majetku  |c Monika Adamíková 
520 |a Podľa zákona č. 431/2002 Z. z. o účtovníctve v z. n. p. majetkom sú tie aktíva účtovnej jednotky, ktoré sú výsledkom minulých udalostí, je takmer isté, že v budúcnosti zvýšia ekonomické úžitky účtovnej jednotky a dajú sa spoľahlivo oceniť podľa § 24 až § 28 zákona o účtovníctve a vykazujú sa v účtovnej závierke v súvahe alebo vo výkaze o majetku a záväzkoch. Ilustračné príklady. 
610 2 0 |a oceňovanie 
610 2 0 |a majetok finančný 
610 2 0 |a jednotka účtovná 
610 2 0 |a účtovníctvo podvojné 
100 1 |a Adamíková, Monika